| 000 | 00534nam a22001337a 4500 | ||
|---|---|---|---|
| 999 |
_c509543 _d509543 |
||
| 082 | _aAPPPA 2018-19\SIN | ||
| 100 |
_aSingh, Jagroop _95513 |
||
| 245 |
_aImpact of usage of smart phone and social media on interpersonal communication and officers - men relatioship of Indian army _cby Jagroop Singh |
||
| 260 |
_aNew Delhi _bIndian Institute of Public Administration _c2019 |
||
| 300 | _a103p. | ||
| 500 | _aAPPPA Dissertation, 2018-19 (Guide: Dr Anjali Dhengle) | ||
| 650 |
_aSocial media _96368 |
||
| 650 |
_aArmed forces -- India _96369 |
||